What on earth do you do when someone dies? (Record no. 12228)
[ view plain ]
| 000 -LEADER | |
|---|---|
| fixed length control field | 00750nam a22002297a 4500 |
| 003 - CONTROL NUMBER IDENTIFIER | |
| control field | MCvsd |
| 005 - DATE AND TIME OF LATEST TRANSACTION | |
| control field | 20140310182346.0 |
| 008 - FIXED-LENGTH DATA ELEMENTS--GENERAL INFORMATION | |
| fixed length control field | 130312t xxu||||| |||| 00| 0 eng d |
| 020 ## - INTERNATIONAL STANDARD BOOK NUMBER | |
| International Standard Book Number | 9781575420554 |
| 050 ## - LIBRARY OF CONGRESS CALL NUMBER | |
| Classification number | BF 723.G75 |
| Item number | .R757 1999 |
| 082 ## - DEWEY DECIMAL CLASSIFICATION NUMBER | |
| Classification number | GS 155.937 |
| Item number | R66 1999 |
| 245 ## - TITLE STATEMENT | |
| Title | What on earth do you do when someone dies? |
| Statement of responsibility, etc | Trevor Romain |
| 260 ## - PUBLICATION, DISTRIBUTION, ETC. (IMPRINT) | |
| Place of publication, distribution, etc | Minneapolis, MN |
| Name of publisher, distributor, etc | Free Spirit |
| Date of publication, distribution, etc | c1999 |
| 300 ## - PHYSICAL DESCRIPTION | |
| Extent | 72 p. |
| Other physical details | ill. |
| Dimensions | 16 cm. |
| 526 ## - STUDY PROGRAM INFORMATION NOTE | |
| Reading level | 1070L-1220L |
| 541 ## - IMMEDIATE SOURCE OF ACQUISITION NOTE | |
| -- | 1 |
| 562 ## - COPY AND VERSION IDENTIFICATION NOTE | |
| Number of copies | 1 |
| 650 ## - SUBJECT ADDED ENTRY--TOPICAL TERM | |
| Topical term or geographic name as entry element | 1. Grief in children |
| General subdivision | Juvenile literature. |
| 9 (RLIN) | 21941 |
| 650 ## - SUBJECT ADDED ENTRY--TOPICAL TERM | |
| Topical term or geographic name as entry element | 2. Bereavement in children |
| General subdivision | Juvenile literature. |
| 9 (RLIN) | 21942 |
| 650 ## - SUBJECT ADDED ENTRY--TOPICAL TERM | |
| Topical term or geographic name as entry element | 3. Adjustment (Psychology) in children |
| General subdivision | Juvenile literature. |
| 9 (RLIN) | 21943 |
| 942 ## - ADDED ENTRY ELEMENTS (KOHA) | |
| Source of classification or shelving scheme | Library of Congress Classification |
| Koha item type | |
| Call number prefix | |
| Withdrawn status | Lost status | Source of classification or shelving scheme | Damaged status | Home library | Current library | Shelving location | Date acquired | Total Checkouts | Full call number | Barcode | Date last seen | Copy number | Price effective from | Koha item type |
|---|---|---|---|---|---|---|---|---|---|---|---|---|---|---|
| Library of Congress Classification | Luxembourg Library | Luxembourg Library | Grade School Section | 09/27/2013 | BF 723.G75 .R757 1999 | 4075 | 10/28/2015 | 1 | 09/27/2013 | Books |